Etudes d'histoire ancienne
Gorde:
| Egile nagusia: | |
|---|---|
| Formatua: | Liburua |
| Hizkuntza: | frantsesa |
| Argitaratua: |
París
Press Universitaires de France
1967
|
| Saila: | Etudes et Méthodes, 16
|
| Gaiak: | |
| Etiketak: |
Etiketa erantsi
Etiketarik gabe, Izan zaitez lehena erregistro honi etiketa jartzen!
|
MARC
| LEADER | 00000nam a2200000 a 4500 | ||
|---|---|---|---|
| 001 | UCP8710 | ||
| 003 | CL-VaPUC | ||
| 008 | 000310e19670000FR |||||||||||||||||fre|d | ||
| 082 | 0 | 4 | |a 930 |b AYM |2 21 |
| 100 | 0 | |a Aymard, André |e author |9 438861 | |
| 245 | 1 | 0 | |a Etudes d'histoire ancienne |
| 300 | |a 662 p | ||
| 942 | |c BK | ||
| 945 | |d 20000310 00:00:00 |a rherrera | ||
| 260 | |a París |b Press Universitaires de France |c 1967 | ||
| 650 | 0 | |a Historia antigua |9 267521 | |
| 650 | 0 | |a Ensayos |9 268724 | |
| 650 | 0 | |a Helenismo |9 267485 | |
| 650 | 7 | |a HISTORIA GRIEGA |2 CL-VaPUC |9 314116 | |
| 650 | 0 | |a Historia romana |9 322973 | |
| 650 | 0 | |a Guerra |9 255876 | |
| 650 | 7 | |a METODO HISTORICO |2 CL-VaPUC |9 335553 | |
| 583 | |a last modification |c 20000310 00:00:00 |k Rodrigo Vera | ||
| 490 | 0 | |a Etudes et Méthodes, 16 | |
| 999 | |c 285601 |d 285599 | ||
| 952 | |0 0 |1 0 |4 0 |6 930_000000000000000_AYM_1967 |7 0 |8 A |9 330327 |a BIBHIS |b BIBHIS |d 2019-11-20 |i 1393561 |o 930 AYM 1967 |p 1393561 |r 2023-01-25 |w 2019-11-20 |y BK |k HIS | ||